[Event "Hessenliga 1617"]
[Site "Hessen"]
[Date "2017.03.26"]
[Round "8.3"]
[White "Peters, Ingo"]
[Black "Patarcic, Domagoj"]
[Result "1/2-1/2"]
[WhiteElo "2097"]
[BlackElo "2214"]
[PlyCount "22"]
[EventDate "2016.09.18"]
[EventType "team-tourn"]
[EventRounds "9"]
[EventCountry "GER"]
[SourceTitle "EXT 2018"]
[Source "ChessBase"]
[SourceDate "2017.10.13"]
[SourceVersion "1"]
[SourceVersionDate "2017.10.13"]
[SourceQuality "1"]
[WhiteTeam "Gernsheim"]
[BlackTeam "Offenbach"]
[WhiteTeamCountry "GER"]
[BlackTeamCountry "GER"]

1. e4 e6 2. d4 d5 3. Nc3 dxe4 4. Nxe4 Nd7 5. g3 Ngf6 6. Nxf6+ Nxf6 7. Bg2 Be7 8. Ne2 0-0 9. 0-0 Rb8 10. c3 b6 11. Qa4 a5 1/2-1/2

[Event "Bosnjaci op 21st"]
[Site "Bosnjaci"]
[Date "2016.01.08"]
[Round "8"]
[White "Patarcic, Domagoj"]
[Black "Kurtovic, Nedzad"]
[Result "1-0"]
[WhiteElo "2217"]
[BlackElo "1993"]
[PlyCount "39"]
[EventDate "2016.01.03"]
[EventType "swiss"]
[EventRounds "9"]
[EventCountry "CRO"]
[SourceTitle "CBM 170 Extra"]
[Source "ChessBase"]
[SourceDate "2016.02.25"]
[SourceVersion "1"]
[SourceVersionDate "2016.02.25"]
[SourceQuality "1"]

1. d4 d5 2. Nc3 Bf5 3. Bf4 f6 4. e3 g5 5. Bg3 h5 6. h4 g4 7. Bd3 Nh6 8. Nge2 Be6 9. Bg6+ Bf7 10. Qd3 a6 11. Nf4 e5 12. dxe5 c6 13. e6 Bxg6 14. Qxg6+ Ke7 15. Nxh5 Kxe6 16. Nf4+ Kd7 17. Nfxd5 cxd5 18. 0-0-0 Kc8 19. Rxd5 Qb6 20. Qe8+ 1-0

[Event "Bosnjaci op 21st"]
[Site "Bosnjaci"]
[Date "2016.01.06"]
[Round "6"]
[White "Patarcic, Domagoj"]
[Black "Babic, Andrija"]
[Result "1-0"]
[WhiteElo "2217"]
[BlackElo "2062"]
[PlyCount "85"]
[EventDate "2016.01.03"]
[EventType "swiss"]
[EventRounds "9"]
[EventCountry "CRO"]
[SourceTitle "CBM 170 Extra"]
[Source "ChessBase"]
[SourceDate "2016.02.25"]
[SourceVersion "1"]
[SourceVersionDate "2016.02.25"]
[SourceQuality "1"]

1. Nc3 g6 2. d4 Bg7 3. e4 d6 4. Be3 Nd7 5. Bc4 Ngf6 6. f3 0-0 7. Qd2 c5 8. a4 cxd4 9. Bxd4 Nb6 10. Bb3 Be6 11. Nd5 Bxd5 12. exd5 Rc8 13. Ne2 Nc4 14. Bxc4 Rxc4 15. b3 Rc8 16. c4 Nd7 17. Bxg7 Kxg7 18. Qd4+ Kg8 19. 0-0 Qb6 20. Qxb6 Nxb6 21. Nc3 Nd7 22. Rfe1 Rfe8 23. Re3 Kf8 24. Nb5 a6 25. Nd4 Rc7 26. Rae1 Nc5 27. a5 Nd7 28. f4 Rc5 29. Ra1 Kg7 30. g4 Kf6 31. g5+ Kg7 32. Kf2 h5 33. h4 Kg8 34. Ke2 Nf8 35. f5 Nd7 36. fxg6 fxg6 37. Ne6 Rcc8 38. Kd3 Ne5+ 39. Rxe5 dxe5 40. Ke4 Rf8 41. Nxf8 Rxf8 42. Kxe5 Rf3 43. Ke6 1-0

[Event "Bosnjaci op 21st"]
[Site "Bosnjaci"]
[Date "2016.01.03"]
[Round "1"]
[White "Golubicic, Mato"]
[Black "Patarcic, Domagoj"]
[Result "0-1"]
[WhiteElo "1668"]
[BlackElo "2217"]
[PlyCount "42"]
[EventDate "2016.01.03"]
[EventType "swiss"]
[EventRounds "9"]
[EventCountry "CRO"]
[SourceTitle "CBM 170 Extra"]
[Source "ChessBase"]
[SourceDate "2016.02.25"]
[SourceVersion "1"]
[SourceVersionDate "2016.02.25"]
[SourceQuality "1"]

1. b3 e5 2. Bb2 Nc6 3. e3 Nf6 4. Be2 Be7 5. d3 0-0 6. Nf3 d6 7. h3 Nd5 8. c4 Nb6 9. Nc3 f5 10. Nd5 Nxd5 11. cxd5 Nb4 12. e4 c6 13. Qd2 a5 14. a3 Na6 15. b4 Bd7 16. dxc6 Bxc6 17. exf5 axb4 18. axb4 Qb6 19. d4 e4 20. Bc4+ d5 21. Bxa6 exf3 0-1

[Event "CRO-chT2 Ost"]
[Site "Croatia"]
[Date "2015.05.09"]
[Round "5.52"]
[White "Bosnjak, Nino"]
[Black "Patarcic, Domagoj"]
[Result "0-1"]
[WhiteElo "2148"]
[BlackElo "2176"]
[PlyCount "56"]
[EventDate "2015.04.25"]
[EventType "team-tourn"]
[EventRounds "11"]
[EventCountry "CRO"]
[SourceTitle "EXT 2016"]
[Source "ChessBase"]
[SourceDate "2015.10.08"]
[SourceVersion "1"]
[SourceVersionDate "2015.10.08"]
[SourceQuality "1"]

1. d4 d5 2. c4 e6 3. Nf3 Nf6 4. Bg5 Be7 5. e3 0-0 6. Nc3 b6 7. cxd5 exd5 8. Bd3 c5 9. 0-0 Ba6 10. dxc5 bxc5 11. Bxf6 Bxf6 12. Nxd5 Bxd3 13. Qxd3 Bxb2 14. Rab1 Bf6 15. Qf5 Na6 16. Rfd1 Qd6 17. e4 Qe6 18. Qf4 Bd8 19. Rb3 Re8 20. Rb7 c4 21. Nd4 Qg6 22. Nf5 Qc6 23. Qg4 g6 24. Nf4 Qxe4 25. Nh6+ Kh8 26. Nxf7+ Kg8 27. Nh6+ Kh8 28. h4 Qxb7 0-1

[Event "CRO-chT2 Ost"]
[Site "Croatia"]
[Date "2015.05.09"]
[Round "4.22"]
[White "Patarcic, Domagoj"]
[Black "Spoljar, Marijan"]
[Result "1/2-1/2"]
[WhiteElo "2176"]
[BlackElo "2225"]
[PlyCount "101"]
[EventDate "2015.04.25"]
[EventType "team-tourn"]
[EventRounds "11"]
[EventCountry "CRO"]
[SourceTitle "EXT 2016"]
[Source "ChessBase"]
[SourceDate "2015.10.08"]
[SourceVersion "1"]
[SourceVersionDate "2015.10.08"]
[SourceQuality "1"]

1. d4 Nf6 2. Nc3 d5 3. Bg5 Nbd7 4. e3 e6 5. Nf3 Be7 6. Be2 c5 7. 0-0 0-0 8. h3 a6 9. dxc5 Nxc5 10. Nd4 Nfe4 11. Bxe7 Qxe7 12. Nxe4 Nxe4 13. Nb3 Bd7 14. Nd2 Nf6 15. Bf3 Rfd8 16. c3 Bc6 17. Qc2 Rac8 18. Rfe1 e5 19. Rac1 g6 20. Nb3 Ba4 21. Qb1 Bxb3 22. axb3 Kg7 23. Rcd1 Qc5 24. b4 Qc6 25. Rd2 e4 26. Be2 Rd6 27. Red1 Rcd8 28. Qa2 b5 29. Rd4 Ng8 30. Qa1 Ne7 31. R4d2 Rc8 32. Rc1 f6 33. Bd1 Rc7 34. Bc2 f5 35. Rcd1 Rf6 36. Bb3 Rd7 37. Qa2 Rfd6 38. Rd4 Kf8 39. R1d2 Kg7 40. Qa1 f4 41. Qd1 fxe3 42. fxe3 Qb6 43. Kh1 Nf5 44. Rxd5 Rxd5 45. Rxd5 Rxd5 46. Qxd5 Qxe3 47. Qe5+ Kh6 48. Kh2 Qd2 49. Qxe4 Qd6+ 50. Kg1 Qb6+ 51. Kh2 1/2-1/2

[Event "Bosnjaci op 20th"]
[Site "Bosnjaci"]
[Date "2015.01.06"]
[Round "5"]
[White "Jovanovic, Zoran"]
[Black "Patarcic, Domagoj"]
[Result "1-0"]
[WhiteElo "2541"]
[BlackElo "2157"]
[PlyCount "41"]
[EventDate "2015.01.03"]
[EventType "swiss"]
[EventRounds "9"]
[EventCountry "CRO"]
[SourceTitle "CBM 164 Extra"]
[Source "ChessBase"]
[SourceDate "2015.03.02"]
[SourceVersion "1"]
[SourceVersionDate "2015.03.02"]
[SourceQuality "1"]

1. e4 Nc6 2. Nf3 e6 3. d4 d5 4. Nc3 Bb4 5. Bd3 dxe4 6. Bxe4 Nf6 7. Bd3 0-0 8. 0-0 b6 9. Ne4 Be7 10. c3 Bb7 11. Qc2 Nxe4 12. Bxe4 f5 13. Bd3 Bf6 14. Bc4 Bc8 15. Re1 Qd6 16. Qxf5 Bxd4 17. Qe4 Bf6 18. Bf4 Qc5 19. b4 Qh5 20. Bxe6+ Kh8 21. Qxc6 1-0

[Event "Bosnjaci op 20th"]
[Site "Bosnjaci"]
[Date "2015.01.05"]
[Round "4"]
[White "Patarcic, Domagoj"]
[Black "Trbojevic, Mladen"]
[Result "1-0"]
[WhiteElo "2157"]
[BlackElo "2417"]
[PlyCount "107"]
[EventDate "2015.01.03"]
[EventType "swiss"]
[EventRounds "9"]
[EventCountry "CRO"]
[SourceTitle "CBM 164 Extra"]
[Source "ChessBase"]
[SourceDate "2015.03.02"]
[SourceVersion "1"]
[SourceVersionDate "2015.03.02"]
[SourceQuality "1"]

1. d4 Nf6 2. Nc3 d6 3. e4 Nc6 4. f3 g6 5. Be3 Bg7 6. Qd2 0-0 7. 0-0-0 e5 8. d5 Nd4 9. Nge2 c5 10. dxc6 bxc6 11. Nxd4 exd4 12. Bxd4 Be6 13. Be3 d5 14. Bh6 Bxh6 15. Qxh6 Qb6 16. e5 Nd7 17. h4 Rfb8 18. b3 Qc5 19. Kb2 d4 20. Ne4 Qxe5 21. Bd3 c5 22. Nd2 Nb6 23. Rde1 Qg7 24. Qxg7+ Kxg7 25. Be4 c4 26. bxc4 Nxc4+ 27. Kc1 Ne3 28. Bxa8 Rxa8 29. Nb3 Nxg2 30. Re4 Bd5 31. Rxd4 Bxf3 32. Rf1 Bh5 33. Kd2 Re8 34. Rf2 Ne3 35. c4 Re7 36. c5 Nf5 37. Rdf4 Kf8 38. Nd4 Ng3 39. Kd3 f5 40. c6 Ke8 41. Rb2 Ne4 42. Rb8+ Kf7 43. Kc4 Bd1 44. Kd5 Ba4 45. Rb7 Nf6+ 46. Kc5 Ke8 47. Rxe7+ Kxe7 48. Nxf5+ gxf5 49. Rxa4 Ne4+ 50. Kd4 Kd6 51. Rxa7 Kxc6 52. Rxh7 Kd6 53. Rh6+ Ke7 54. Ke5 1-0

[Event "Bosnjaci op 20th"]
[Site "Bosnjaci"]
[Date "2015.01.04"]
[Round "3"]
[White "Nikic, Patrick"]
[Black "Patarcic, Domagoj"]
[Result "0-1"]
[WhiteElo "1955"]
[BlackElo "2157"]
[PlyCount "72"]
[EventDate "2015.01.03"]
[EventType "swiss"]
[EventRounds "9"]
[EventCountry "CRO"]
[SourceTitle "CBM 164 Extra"]
[Source "ChessBase"]
[SourceDate "2015.03.02"]
[SourceVersion "1"]
[SourceVersionDate "2015.03.02"]
[SourceQuality "1"]

1. e4 Nc6 2. Nf3 e6 3. d4 d5 4. Nc3 Bb4 5. Bd3 dxe4 6. Bxe4 Nf6 7. Bxc6+ bxc6 8. Qe2 a5 9. Qc4 Qd5 10. Qxb4 axb4 11. Nxd5 Nxd5 12. Ne5 f6 13. Nd3 Ba6 14. Nc5 Kf7 15. Bd2 Rhe8 16. c3 bxc3 17. Bxc3 e5 18. dxe5 Nxc3 19. e6+ Kg6 20. bxc3 Bc4 21. f3 Ra5 22. Ne4 Rxe6 23. Kf2 f5 24. Ng3 Rd6 25. Rhe1 Rd2+ 26. Ke3 Rad5 27. a4 Rxg2 28. Kf4 Kf6 29. Nh5+ Kf7 30. Nxg7 Rxg7 31. a5 Ba6 32. Re5 Rxe5 33. Kxe5 Rg2 34. Kd4 Rf2 35. Kc5 Rxf3 36. Ra3 Rf4 0-1

[Event "Babina Greda active op"]
[Site "Babina Greda"]
[Date "2014.07.27"]
[Round "3"]
[White "Patarcic, Domagoj"]
[Black "Mrkonjic, Nenad"]
[Result "0-1"]
[WhiteElo "2112"]
[BlackElo "2373"]
[PlyCount "96"]
[EventDate "2014.07.27"]
[EventType "swiss"]
[EventRounds "9"]
[EventCountry "CRO"]
[SourceTitle "EXT 2016"]
[Source "ChessBase"]
[SourceDate "2015.10.08"]
[SourceVersion "1"]
[SourceVersionDate "2015.10.08"]
[SourceQuality "1"]

1. d4 Nf6 2. Nc3 d5 3. Bg5 Bf5 4. e3 Nbd7 5. Bd3 Bxd3 6. cxd3 c6 7. Nge2 h6 8. Bh4 e6 9. 0-0 Be7 10. Rc1 0-0 11. Na4 Qa5 12. Qb3 Qb4 13. Qxb4 Bxb4 14. Nc5 Nxc5 15. dxc5 Nd7 16. Be7 Rfe8 17. Bd6 Ba5 18. a3 a6 19. b4 Bd8 20. Rb1 Be7 21. Bxe7 Rxe7 22. d4 e5 23. a4 exd4 24. Nxd4 a5 25. Rfc1 axb4 26. Rxb4 Ne5 27. Rcb1 Ra7 28. R1b3 g6 29. g3 Rc7 30. a5 Nd7 31. a6 bxa6 32. Rb6 Nxc5 33. Ra3 a5 34. Rxc6 a4 35. Rxc7 Rxc7 36. Nb5 Rb7 37. Nc3 Rd7 38. Ra2 d4 39. Nxa4 Ra7 40. Nc3 dxc3 41. Rxa7 c2 42. Ra1 Nb3 43. Re1 c1Q 44. Rxc1 Nxc1 45. Kg2 Kg7 46. e4 Kf6 47. f4 Nb3 48. Kf3 Nd2+ 0-1

[Event "CRO-chT2 East"]
[Site "Croatia"]
[Date "2014.05.10"]
[Round "4.42"]
[White "Patarcic, Domagoj"]
[Black "Vidalina, Franja"]
[Result "1-0"]
[WhiteElo "2112"]
[BlackElo "2066"]
[PlyCount "81"]
[EventDate "2014.04.26"]
[EventType "team-tourn"]
[EventRounds "11"]
[EventCountry "CRO"]
[SourceTitle "EXT 2019"]
[Source "ChessBase"]
[SourceDate "2018.10.10"]
[SourceVersion "1"]
[SourceVersionDate "2018.10.10"]
[SourceQuality "1"]

1. d4 Nf6 2. Nc3 d5 3. Bg5 e6 4. e4 dxe4 5. Nxe4 Be7 6. Bxf6 Bxf6 7. Nf3 0-0 8. c3 b6 9. Bd3 Bb7 10. Qc2 Nd7 11. 0-0-0 h6 12. h4 g6 13. g4 Bg7 14. g5 h5 15. Rhg1 Bxe4 16. Bxe4 Rc8 17. Bc6 Qe7 18. Qe4 a5 19. Rge1 Nb8 20. Bb7 Rcd8 21. d5 Rd6 22. Qc4 Rfd8 23. dxe6 Rxd1+ 24. Rxd1 Rxd1+ 25. Kxd1 Qd6+ 26. Kc2 fxe6 27. Be4 Kh7 28. Nd2 Nd7 29. Qe2 a4 30. Qxh5+ Kg8 31. Bxg6 Ne5 32. Be4 Nf7 33. Bh7+ Kf8 34. Qf3 Ke7 35. a3 Qh2 36. Bg6 Ne5 37. Qe4 Qxf2 38. h5 b5 39. Qb4+ c5 40. Qxb5 Nf3 41. Qb7+ 1-0

[Event "CRO-chT2 East"]
[Site "Croatia"]
[Date "2014.04.27"]
[Round "3.42"]
[White "Crnogorac, Radovan"]
[Black "Patarcic, Domagoj"]
[Result "1/2-1/2"]
[WhiteElo "1842"]
[BlackElo "2112"]
[PlyCount "160"]
[EventDate "2014.04.26"]
[EventType "team-tourn"]
[EventRounds "11"]
[EventCountry "CRO"]
[SourceTitle "EXT 2019"]
[Source "ChessBase"]
[SourceDate "2018.10.10"]
[SourceVersion "1"]
[SourceVersionDate "2018.10.10"]
[SourceQuality "1"]

1. d4 Nf6 2. c4 g6 3. Nc3 d5 4. e3 Bg7 5. Nf3 0-0 6. Be2 c5 7. 0-0 cxd4 8. exd4 Nc6 9. h3 Bf5 10. a3 Be4 11. cxd5 Bxd5 12. Be3 a6 13. b4 Rc8 14. Rc1 Ne4 15. Nxd5 Qxd5 16. Bc4 Qd7 17. Qd3 Nd6 18. Ba2 Nf5 19. Rfd1 e6 20. d5 Rcd8 21. Bb6 exd5 22. Bxd8 Qxd8 23. Bxd5 Nfd4 24. Qc4 b5 25. Qa2 Qb6 26. Rc5 h6 27. Rdc1 Ne7 28. Rc7 Nxd5 29. Qxd5 Ne2+ 30. Kf1 Nxc1 31. Rxc1 Rd8 32. Qa2 Qd6 33. Re1 Bc3 34. Rc1 Qf6 35. Qb3 Rd3 36. Qc2 Rxf3 37. gxf3 Bb2 38. Re1 Bxa3 39. Qb3 Bb2 40. Re4 Bc3 41. Re3 Bd4 42. Re4 Bc3 43. Re3 Bd2 44. Rd3 Bf4 45. Rd7 Kg7 46. Rd1 Qf5 47. Kg2 Qg5+ 48. Kh1 Be5 49. Rd5 Qf4 50. Kg1 Qh2+ 51. Kf1 Qxh3+ 52. Ke2 Qe6 53. Kf1 h5 54. Qd3 Qf6 55. Qe4 Bc3 56. Kg2 Qc6 57. Kh2 Qc4 58. Qxc4 bxc4 59. Rc5 Bxb4 60. Rxc4 a5 61. f4 Bd6 62. Kh3 Kf6 63. Ra4 Bb4 64. Kg3 Kf5 65. Ra1 Bd2 66. Ra4 f6 67. Kf3 g5 68. fxg5 fxg5 69. Rd4 g4+ 70. Kg3 Be1 71. Rd5+ Kg6 72. Rb5 Bb4 73. Kf4 Bd6+ 74. Ke3 Bc7 75. Rb7 Bd8 76. Kf4 Bg5+ 77. Kg3 Bd2 78. Rb6+ Kg5 79. Rb5+ Kg6 80. Rb6+ Kg5 1/2-1/2

[Event "Bosnjaci op 19th"]
[Site "Bosnjaci"]
[Date "2014.01.06"]
[Round "6"]
[White "Rogulj, Branko"]
[Black "Patarcic, Domagoj"]
[Result "1/2-1/2"]
[WhiteElo "2429"]
[BlackElo "2096"]
[PlyCount "112"]
[EventDate "2014.01.03"]
[EventType "swiss"]
[EventRounds "9"]
[EventCountry "CRO"]
[SourceTitle "CBM 158 Extra"]
[Source "ChessBase"]
[SourceDate "2014.02.28"]
[SourceVersion "1"]
[SourceVersionDate "2014.02.28"]
[SourceQuality "1"]

1. e4 Nc6 2. Nf3 d5 3. exd5 Qxd5 4. Nc3 Qa5 5. Bb5 Bd7 6. d4 e6 7. 0-0 Bb4 8. Bxc6 Bxc6 9. Ne5 Bxc3 10. bxc3 Ne7 11. c4 0-0 12. Qd3 Ng6 13. Nxg6 hxg6 14. Bb2 b5 15. d5 exd5 16. cxd5 Rad8 17. Qa3 Qxa3 18. Bxa3 Bxd5 19. Bxf8 Kxf8 20. Rfd1 c6 21. a4 a6 22. axb5 axb5 23. f3 g5 24. Ra7 Rd6 25. Kf2 Rf6 26. Rd4 Re6 27. Rd3 Rf6 28. Rd4 Re6 29. h3 g6 30. Rd3 Bc4 31. Re3 Rd6 32. Ke1 Kg7 33. Re4 Bd5 34. Rd4 Re6+ 35. Kf2 Bc4 36. Rd2 Re8 37. Ra3 Be6 38. Rc3 Bd5 39. Re3 Ra8 40. Rd4 Ra2 41. Rc3 Kf6 42. Kg3 Ke5 43. Rb4 Bc4 44. Rbxc4 bxc4 45. Rxc4 Kd5 46. Rc3 Ra4 47. Kf2 Rc4 48. Rd3+ Rd4 49. Ke3 Rxd3+ 50. Kxd3 c5 51. c4+ Ke5 52. Ke3 f5 53. g4 f4+ 54. Kd3 Kd6 55. Ke4 Ke6 56. Kd3 Kd6 1/2-1/2

[Event "CRO-chT2 East"]
[Site "Osijek"]
[Date "2013.04.20"]
[Round "1.43"]
[White "Patarcic, Domagoj"]
[Black "Majeric, Zoran"]
[Result "0-1"]
[WhiteElo "2087"]
[BlackElo "2270"]
[PlyCount "52"]
[EventDate "2013.04.20"]
[EventType "team-tourn"]
[EventRounds "11"]
[EventCountry "CRO"]
[SourceTitle "EXT 2023"]
[Source "ChessBase"]
[SourceDate "2022.10.05"]
[SourceVersion "1"]
[SourceVersionDate "2022.10.05"]
[SourceQuality "1"]

1. d4 Nf6 2. Bg5 Ne4 3. Bd2 d5 4. f3 Nxd2 5. Qxd2 g6 6. e4 dxe4 7. fxe4 e5 8. Nf3 exd4 9. Bc4 Nc6 10. 0-0 Be6 11. Bd5 Bg7 12. c3 dxc3 13. Nxc3 0-0 14. Rad1 Qe7 15. Kh1 Nd8 16. e5 c6 17. Be4 Bg4 18. Rfe1 Ne6 19. h3 Bxf3 20. Bxf3 Rfd8 21. Qe3 Qc5 22. Qe2 Rxd1 23. Qxd1 Rd8 24. Qb3 Qf2 25. Re2 Qf1+ 26. Kh2 Nd4 0-1

[Event "Vukovar Srijem CupT 6th"]
[Site "Tompojevci"]
[Date "2013.03.10"]
[Round "5.2"]
[White "Patarcic, Domagoj"]
[Black "Mladenovic, Velisa"]
[Result "1-0"]
[WhiteElo "2076"]
[BlackElo "2169"]
[PlyCount "81"]
[EventDate "2013.03.08"]
[EventType "team-swiss"]
[EventRounds "5"]
[EventCountry "CRO"]
[SourceTitle "EXT 2014"]
[Source "ChessBase"]
[SourceDate "2013.11.20"]
[SourceVersion "1"]
[SourceVersionDate "2013.11.20"]
[SourceQuality "1"]
[WhiteTeam "Sladorana Zupanja"]
[BlackTeam "Trpinja Triglav"]
[WhiteTeamCountry "CRO"]
[BlackTeamCountry "CRO"]

1. d4 c6 2. Nc3 d5 3. e4 g6 4. e5 b6 5. Bg5 h5 6. Nge2 Bh6 7. Qd2 Qc7 8. h4 a5 9. a4 e6 10. Nf4 Bxg5 11. hxg5 Qe7 12. g4 Qxg5 13. gxh5 gxh5 14. Be2 h4 15. 0-0-0 Nh6 16. Rdg1 Qe7 17. Nh5 Nd7 18. Rg5 Nf5 19. Rxf5 exf5 20. Ng7+ Kd8 21. Nxf5 Qf8 22. Qf4 h3 23. Bg4 Nb8 24. Nd6 Bxg4 25. Qxg4 Qh6+ 26. Kb1 Kc7 27. Nxf7 Qh5 28. Qe6 Qf3 29. Qe7+ Nd7 30. Qd6+ Kb7 31. Qxd7+ Ka6 32. Nb5 Qxh1+ 33. Ka2 Qf1 34. Nfd6 Rhb8 35. Nc7+ Ka7 36. Nxd5+ Ka6 37. Nc7+ Ka7 38. Qxc6 h2 39. c4 Qxc4+ 40. Qxc4 b5 41. Qc6 1-0

[Event "Osijek op"]
[Site "Osijek"]
[Date "2013.02.22"]
[Round "3.17"]
[White "Karlic, Hrvoje"]
[Black "Patarcic, Domagoj"]
[Result "1-0"]
[WhiteElo "1954"]
[BlackElo "2087"]
[PlyCount "70"]
[EventDate "2013.02.21"]
[EventType "swiss"]
[EventRounds "7"]
[EventCountry "CRO"]
[SourceTitle "EXT 2014"]
[Source "ChessBase"]
[SourceDate "2013.11.20"]
[SourceVersion "1"]
[SourceVersionDate "2013.11.20"]
[SourceQuality "1"]

1. c4 Nf6 2. Nc3 d5 3. e3 e5 4. cxd5 Nxd5 5. Bc4 Nxc3 6. bxc3 Bd6 7. Ne2 0-0 8. Ng3 Nc6 9. 0-0 Kh8 10. e4 a5 11. d3 a4 12. a3 Qe7 13. Bb5 f5 14. exf5 Bxf5 15. Bxa4 Bxd3 16. Qxd3 Rxa4 17. Ne4 Rfa8 18. Nxd6 cxd6 19. Rd1 Rg4 20. Be3 Rd8 21. f3 Rg6 22. Qe4 Qf7 23. Rd5 Ne7 24. Rb5 d5 25. Qxe5 Qxf3 26. Bg5 Nc6 27. Qe3 Qg4 28. Rxd5 h6 29. h3 Rxd5 30. hxg4 Rdxg5 31. Rb1 Rxg4 32. Rb2 Na5 33. Rf2 Nc4 34. Qe1 Kh7 35. a4 Nd6 1-0

[Event "Osijek op"]
[Site "Osijek"]
[Date "2013.02.21"]
[Round "2.6"]
[White "Patarcic, Domagoj"]
[Black "Sertic, Rudolf"]
[Result "0-1"]
[WhiteElo "2087"]
[BlackElo "2356"]
[PlyCount "52"]
[EventDate "2013.02.21"]
[EventType "swiss"]
[EventRounds "7"]
[EventCountry "CRO"]
[SourceTitle "EXT 2014"]
[Source "ChessBase"]
[SourceDate "2013.11.20"]
[SourceVersion "1"]
[SourceVersionDate "2013.11.20"]
[SourceQuality "1"]

1. d4 d5 2. Nc3 e6 3. a3 Nf6 4. Bg5 Be7 5. Nf3 Nbd7 6. e3 c5 7. dxc5 Nxc5 8. Bd3 0-0 9. 0-0 Bd7 10. Re1 Rc8 11. e4 Nfxe4 12. Nxe4 dxe4 13. Bxe7 Qxe7 14. Bxe4 Ba4 15. b3 Rfd8 16. Qb1 Nxe4 17. Rxe4 Bc6 18. Re3 Bxf3 19. Rxf3 Rd2 20. c4 Rcd8 21. h3 Qc7 22. Qc1 R8d4 23. Rg3 h5 24. Qe1 Qd6 25. c5 Qxc5 26. Rc1 Qd6 0-1

[Event "CRO-chT2 Ost"]
[Site "Osijek"]
[Date "2012.10.06"]
[Round "8.45"]
[White "Djuric, Milan"]
[Black "Patarcic, Domagoj"]
[Result "0-1"]
[WhiteElo "2039"]
[BlackElo "2044"]
[PlyCount "94"]
[EventDate "2012.04.21"]
[EventType "team-tourn"]
[EventRounds "11"]
[EventCountry "CRO"]
[SourceTitle "EXT 2014"]
[Source "ChessBase"]
[SourceDate "2013.11.20"]
[SourceVersion "1"]
[SourceVersionDate "2013.11.20"]
[SourceQuality "1"]

1. c4 Nf6 2. Nf3 g6 3. g3 d5 4. d4 Bg7 5. Nc3 0-0 6. cxd5 Nxd5 7. e4 Nxc3 8. bxc3 c5 9. Bg2 Nc6 10. Be3 Bg4 11. e5 Qa5 12. Bd2 Rad8 13. 0-0 Qc7 14. Qa4 cxd4 15. Nxd4 Bxe5 16. Bh6 Nxd4 17. cxd4 Bxd4 18. Bxf8 Kxf8 19. Rac1 Qd7 20. Qb4 b6 21. Rfe1 a5 22. Qd2 Kg7 23. Bc6 Qd6 24. Qg5 Be6 25. Qd2 Bc5 26. Qxd6 Rxd6 27. Bf3 Bxa2 28. Rxe7 Be6 29. Rc2 a4 30. Ra7 Bb3 31. Rb2 Bd4 32. Rd2 Bc5 33. Rb2 b5 34. Rb7 Bb6 35. Rb8 b4 36. Rc8 Bd4 37. Rd2 a3 38. Ra8 Be5 39. Re2 Bd1 40. Re3 Bd4 41. Bxd1 Bxe3 42. Bb3 Rd3 43. Bc4 Rc3 44. Bd5 Bc5 45. Rb8 Rc2 46. Rb7 Rxf2 47. Kh1 a2 0-1

[Event "CRO-chT2 Ost"]
[Site "Osijek"]
[Date "2012.05.05"]
[Round "4.26"]
[White "Patarcic, Domagoj"]
[Black "Sulc, Gordana"]
[Result "1-0"]
[WhiteElo "2044"]
[BlackElo "1946"]
[PlyCount "65"]
[EventDate "2012.04.21"]
[EventType "team-tourn"]
[EventRounds "11"]
[EventCountry "CRO"]
[SourceTitle "EXT 2014"]
[Source "ChessBase"]
[SourceDate "2013.11.20"]
[SourceVersion "1"]
[SourceVersionDate "2013.11.20"]
[SourceQuality "1"]

1. d4 Nf6 2. Nc3 d5 3. Bg5 Nbd7 4. f3 h6 5. Bh4 c6 6. e4 Qa5 7. e5 Nh5 8. e6 fxe6 9. g4 g5 10. gxh5 gxh4 11. Qd3 Rg8 12. Bh3 Nf6 13. Nge2 Nxh5 14. 0-0-0 Bd7 15. Rhg1 Rxg1 16. Rxg1 0-0-0 17. Qg6 Ng7 18. Qf7 b5 19. b3 Qa3+ 20. Kd2 Nf5 21. Bxf5 exf5 22. Nf4 Qd6 23. Nce2 e6 24. Ng6 Qb4+ 25. c3 Qa3 26. Ne5 Qxa2+ 27. Kd3 Qa3 28. b4 Bd6 29. Nxd7 Rxd7 30. Qe8+ Kc7 31. Rg8 Rh7 32. Qb8+ Kd7 33. Qd8# 1-0

[Event "CRO-chT2 Ost"]
[Site "Osijek"]
[Date "2012.04.21"]
[Round "1.66"]
[White "Patarcic, Domagoj"]
[Black "Grguric, Zeljko"]
[Result "1-0"]
[WhiteElo "2044"]
[BlackElo "2111"]
[PlyCount "31"]
[EventDate "2012.04.21"]
[EventType "team-tourn"]
[EventRounds "11"]
[EventCountry "CRO"]
[SourceTitle "EXT 2014"]
[Source "ChessBase"]
[SourceDate "2013.11.20"]
[SourceVersion "1"]
[SourceVersionDate "2013.11.20"]
[SourceQuality "1"]

1. e4 e5 2. Nf3 Nc6 3. Bc4 Nf6 4. d3 h6 5. h3 Bc5 6. c3 a6 7. 0-0 0-0 8. d4 Ba7 9. d5 Na5 10. Bd3 b5 11. b4 Nb7 12. Nxe5 Re8 13. Bf4 Nxe4 14. Bxe4 d6 15. Nc6 Qf6 16. Qf3 1-0

[Event "Bosnjaci op 17th"]
[Site "Bosnjaci"]
[Date "2012.01.09"]
[Round "9"]
[White "Tomasevic, Ivana"]
[Black "Patarcic, Domagoj"]
[Result "1-0"]
[WhiteElo "1809"]
[BlackElo "2044"]
[PlyCount "35"]
[EventDate "2012.01.03"]
[EventType "swiss"]
[EventRounds "9"]
[EventCountry "CRO"]
[SourceTitle "CBM 146 Extra"]
[Source "ChessBase"]
[SourceDate "2012.02.29"]
[SourceVersion "1"]
[SourceVersionDate "2012.02.29"]
[SourceQuality "1"]

1. d4 Nf6 2. c4 g6 3. Nc3 d5 4. e3 Bg7 5. Nf3 0-0 6. h3 a6 7. Be2 dxc4 8. Bxc4 b5 9. Bb3 Bb7 10. 0-0 Nbd7 11. Re1 e6 12. e4 c5 13. e5 Nd5 14. Bxd5 Bxd5 15. Nxd5 exd5 16. dxc5 Nxc5 17. Be3 Qb6 18. b4 1-0